00331nam a2200121Ia 4500008004100000020001400041050001500055100002400070245003600094260004200130300002400172650001300196150202s9999 xx 000 0 und d a449205967 aFIC bFIC  aLustbader, Eric V.  4aThe Miko /cEric V. Lustbader. aCanada :bFawcett Crets Books,c1984. a543 pages :c18 cm. aFiction.